Normal view
MARC view
Entry Personal Name
001 - CONTROL NUMBER
- control field: 46031
003 - CONTROL NUMBER IDENTIFIER
- control field: ARRUPE
005 - DATE AND TIME OF LATEST TRANSACTION
- control field: 20190426122734.0
008 - FIXED-LENGTH DATA ELEMENTS
- fixed length control field: 190426|| aca||aabn | a|a d
040 ## - CATALOGING SOURCE
- Original cataloging agency: ARRUPE
- Transcribing agency: ARRUPE
100 ## - HEADING--PERSONAL NAME
- Personal name: Sadlowski, Rev. Erwin L.
670 ## - SOURCE DATA FOUND
- Source citation: Work cat.: (ARRUPE): Sadlowski, Rev. Erwin L., Sacred furnishings of churches , 1951.